| 000 | 00000nam 2200000za 4500 |
| 001 | 9.836094 |
| 003 | CaOODSP |
| 005 | 20241203113639 |
| 007 | cr ||||||||||| |
| 008 | 170502s2016 onc #o f000 0 eng d |
| 040 | |aCaOODSP|beng |
| 043 | |an-cn--- |
| 086 | 1 |aEn4-304/2016E-PDF |
| 245 | 10|aSublethal toxicity test checklists |h[electronic resource]. |
| 260 | |a[Ottawa] : |bEnvironment Canada, |c[2016] |
| 300 | |a[26] p. |
| 500 | |aIssued also in French under title: Le tableau des tests de toxicité sublétale |
| 500 | |a"2005 to 2016." |
| 692 | 07|2gccst|aToxicology |
| 710 | 1 |aCanada. |bEnvironment Canada. |
| 775 | 08|tLe tableau des tests de toxicité sublétale |w(CaOODSP)9.836096 |
| 795 | |t[Sublethal toxicity test checklists] |w(CaOODSP)9.837687 |
| 856 | 40|qPDF|s622 KB|uhttps://publications.gc.ca/collections/collection_2017/eccc/En4-304-2016-eng.pdf |